00362nam a2200157Ia 4500008004100000020001500041041001200056082001100068100001700079245003400096250000800130260002500138300001000163650001400173700001700187221030s9999 xx 000 0 und d a0070669120 aEnglish a105.23 aS. Lipschutz 0aSchaum`s Discrete Mathematics a3rd bTMHaNew Delhic2010 a16.34 aComputers aM. L. Lipson